LEADER 05334nam 22006254a 450 001 9910145736003321 005 20170815112342.0 010 $a1-281-31219-3 010 $a9786611312190 010 $a0-470-76219-5 010 $a0-470-99602-1 010 $a0-470-99601-3 035 $a(CKB)1000000000413901 035 $a(EBL)351425 035 $a(OCoLC)437218679 035 $a(SSID)ssj0000242626 035 $a(PQKBManifestationID)11923080 035 $a(PQKBTitleCode)TC0000242626 035 $a(PQKBWorkID)10310953 035 $a(PQKB)10992971 035 $a(MiAaPQ)EBC351425 035 $a(EXLCZ)991000000000413901 100 $a20060428d2006 uy 0 101 0 $aeng 135 $aur|n|---||||| 181 $ctxt 182 $cc 183 $acr 200 10$aSea trout$b[electronic resource] $ebiology, conservation, and management : proceedings of First International Sea Trout Symposium, Cardiff, July 2004 /$fedited by Graeme Harris and Nigel Milner 210 $aOxford ;$aAmes, Iowa $cBlackwell$d2006 215 $a1 online resource (522 p.) 300 $aDescription based upon print version of record. 311 $a1-4051-2991-3 320 $aIncludes bibliographical references and index. 327 $aSEA TROUT:BIOLOGY, CONSERVATIONAND MANAGEMENT; Contents; Foreword; Preface; Opening Address 1. Sea Trout: AWelsh Perspective; Opening Address 2. Sea Trout and the Environment Agency; 1 Setting the Scene - Sea Trout in England and Wales - A Personal Perspective; Section 1STOCKS AND FISHERIES; 2 Patterns of Anadromy and Migrations of Pacific Salmon and Trout at Sea; 3 A Review of the Status of Irish Sea Trout Stocks; 4 Characteristics of the Sea Trout Salmo trutta (L.) Stock Collapse in the River Ewe (Wester Ross, Scotland), in 1988-2001 327 $a5 Characteristics of the Sea Trout (Salmo trutta L.) Stocks from the Owengowla and Invermore Fisheries, Connemara,Western Ireland, and Recent Trends in Marine Survival6 Annual Variation in Age Composition, Growth and Abundance of Adult Sea Trout Returning to the River Dee at Chester, 1991-2003; 7 Sea Trout Stock Descriptions in England and Wales; 8 The Rod and Net Sea Trout Fisheries of England and Wales; 9 General Overview of Turkish Sea Trout (Salmo trutta L.) Populations; 10 The Status and Exploitation of Sea Trout on the Finnish Coast of the Gulf of Bothnia in the Baltic Sea 327 $a11 Sea Trout (Salmo trutta L.) in European Salmon (Salmo salar L.) RiversSection 2GENETICS AND LIFE HISTORY; 12 Genetics of Sea Trout, with Particular Reference to Britain and Ireland; 13 The Genetic Basis of Smoltification: Functional Genomics Tools Facilitate the Search for the Needle in the Haystack; 14 Life History of the Anadromous Trout Salmo trutta; 15 Migration as a Life-History Strategy for the Sea Trout; 16 Life History of a SeaTrout (Salmo trutta L.) Population from the North-West Iberian Peninsula (River Ulla, Galicia, Spain) 327 $a17 Review and Perspectives on Molecular Genetic Approaches to Sea Trout BiologySection 3POPULATION DYNAMICS, ECOLOGYAND BEHAVIOUR; 18 A 35-Year Study of Stock-Recruitment Relationships in a Small Population of Sea Trout: Assumptions, Implications and Limitations for Predicting Targets; 19 Characteristics of the Burrishoole Sea Trout Population: Census, Marine Survival, Enhancement and Stock...Recruitment Relationship, 1971-2003; 20 Population Dynamics and Stock-Recruitment Relationship of Sea Trout in the River Bresle, Upper Normandy, France; Section 4MANAGING STOCKS AND FISHERIES 327 $a21 The Spawning Habitat Requirements of Sea Trout: A Multi-Scale Approach22 Research Activities and Management of Brown Trout and Sea Trout (Salmo trutta L.) in Denmark; 23 Stocking Sea Trout (Salmo trutta L.) in the River Shieldaig, Scotland; 24 Is Stocking with Sea Trout Compatible with the Conservation of Wild Trout (Salmo trutta L.)?; 25 Sea Lice Lepeophtheirus salmonis Infestations of Post-Smolt Sea Trout in Loch Shieldaig,Wester Ross, 1999-2003; 26 Comparison of Survival, Migration and Growth in Wild, Offspring from Wild (F1) and Domesticated Sea-Run Trout (Salmo trutta L.) 327 $a27 The Rapid Establishment of a Resident Brown Trout Population from Sea Trout Progeny Stocked in a Fishless Stream 330 $aThe Brown trout displays widely divergent life history strategies involving, variously, usage of streams, rivers, lakes, estuaries and the sea. The sea trout is the full sea-going form, it is very common and competes with salmon for the position of the most sought after migratory salmonid in many countries. Its use of freshwater, estuaries and coastal waters gives it a unique position as a sentinel species of environmental quality across these habitats. Although a commercially and recreationally important fish species, the management and scientific knowledge about sea trout has often been ov 606 $aSea trout$vCongresses 608 $aElectronic books. 615 0$aSea trout 676 $a639.3757 701 $aHarris$b Graeme$0920392 701 $aMilner$b Nigel$0920393 712 12$aInternational Sea Trout Symposium 801 0$bMiAaPQ 801 1$bMiAaPQ 801 2$bMiAaPQ 906 $aBOOK 912 $a9910145736003321 996 $aSea trout$92064412 997 $aUNINA LEADER 02723nam 22007095 450 001 9910791218503321 005 20230306052225.0 010 $a1-4426-6773-7 010 $a1-4426-6772-9 024 7 $a10.3138/9781442667723 035 $a(CKB)2550000001197332 035 $a(EBL)3290478 035 $a(SSID)ssj0001114512 035 $a(PQKBManifestationID)12489180 035 $a(PQKBTitleCode)TC0001114512 035 $a(PQKBWorkID)11055655 035 $a(PQKB)10966152 035 $a(MiAaPQ)EBC4669229 035 $a(CEL)446320 035 $a(CaBNVSL)slc00233907 035 $a(DE-B1597)551057 035 $a(DE-B1597)9781442667723 035 $a(OCoLC)1163878006 035 $a(OCoLC)860782669 035 $a(MdBmJHUP)musev2_106470 035 $a(EXLCZ)992550000001197332 100 $a20200623h20202013 fg 101 0 $aeng 135 $aur|n|---||||| 181 $ctxt 182 $cc 183 $acr 200 02$aA Mennonite in Russia $eThe Diaries of Jacob D. Epp, 1851-1880 /$fHarvey L. Dyck 210 1$aToronto : $cUniversity of Toronto Press, $d[2020] 210 4$dİ2013 215 $a1 online resource (493 p.) 311 $a1-4426-1541-9 320 $aIncludes bibliographical references and index. 327 $aIntroduction and Analysis -- BOOK I, 1851-1853 Old Colony Teacher and Judenplan Settler -- BOOK II, 1860-1866 Family and Village Life on the Judenplan -- BOOK III, 1867-1870 Contending with Change -- BOOK IV, 1871-1880 Balancing the Old and the New -- Glossary -- Genealogy of the Jacob D. Epp Family. 330 $aEpp's writings reveal a skilled and honest diarist of deep feelings, and tell a human story that no conventional historical account could hope to equal. 606 $aMennonites$zUkraine$zKhortyt?si?a Region$vDiaries 606 $aMennonites$zUkraine$zKhersons?ka oblast?$vDiaries 606 $aMennonites$zUkraine$zKhortyt?si?a Region$xSocial life and customs 606 $aMennonites$xColonization$zUkraine 606 $aAgricultural colonies$zUkraine 607 $aKhersons?ka oblast? (Ukraine)$xSocial life and customs 608 $aDiaries. 608 $aElectronic books. 615 0$aMennonites 615 0$aMennonites 615 0$aMennonites$xSocial life and customs. 615 0$aMennonites$xColonization 615 0$aAgricultural colonies 676 $a289.7092 700 $aEpp$b Jacob D$g(Jacob Davidovich),$f1820-1890.$01541434 702 $aDyck$b Harvey L., $4edt$4http://id.loc.gov/vocabulary/relators/edt 801 0$bDE-B1597 801 1$bDE-B1597 906 $aBOOK 912 $a9910791218503321 996 $aA Mennonite in Russia$93793629 997 $aUNINA LEADER 05087nam 2200685Ia 450 001 9910778460703321 005 20200520144314.0 010 $a1-281-38649-9 010 $a9786611386498 010 $a1-84719-328-5 035 $a(CKB)1000000000803655 035 $a(EBL)995561 035 $a(OCoLC)809771176 035 $a(SSID)ssj0000332106 035 $a(PQKBManifestationID)11255796 035 $a(PQKBTitleCode)TC0000332106 035 $a(PQKBWorkID)10334610 035 $a(PQKB)11157194 035 $a(MiAaPQ)EBC995561 035 $a(Au-PeEL)EBL995561 035 $a(CaPaEBR)ebr10448392 035 $a(CaONFJC)MIL138649 035 $a(PPN)22800828X 035 $a(EXLCZ)991000000000803655 100 $a20090716d2008 uy 0 101 0 $aeng 135 $aur|n|---||||| 181 $ctxt 182 $cc 183 $acr 200 10$aActive Directory disaster recovery$b[electronic resource] /$fFlorian Rommel ; reviewers, James Eaton-Lee, Nathan Yocom 210 $aBirmingham, U.K. $cPackt Publishing Ltd.$dc2008 215 $a1 online resource (252 p.) 300 $a"Expert guidance on planning and implementing Active Directory disaster recovery plans." 311 $a1-84719-327-7 320 $aIncludes bibliographical references and index. 327 $aCover; Copyright; Credits; About the Author; About the Reviewers; Table of Contents; Preface; An Overview of Active Directory Disaster Recovery; What is Disaster Recovery?; Why is Disaster Recovery Needed?; Conventions Used in This Book; Disaster Recovery for Active Directory; Disaster Types and Scenarios Covered by This Book; Recovery of Deleted Objects; Single DC Hardware Failure; Single DC AD Corruption; Site AD Corruption; Corporate (Complete) AD Corruption; Complete Site Hardware Failure; Corporate (Complete) Hardware Failure; Summary; Active Directory Design Principles 327 $aActive Directory ElementsThe Active Directory Forest; The Active Directory Tree; Organizational Units and Leaf Objects; Active Directory Sites; Group Policy Objects; Domain Design: Single Forest, Single Domain, and Star Shaped; Domain Design: Single Forest, Single Domain, Empty Root, Star Shaped; Domain Design: Multi-Domain Forest; Domain Design: Multi-Forest; LRS-Lag Replication Site; Design Your Active Directory; Naming Standards; Username and Service Account Naming; Group Policy Naming; Design with Scalability in Mind; Flexible Single Master Operation Roles (FSMO) 327 $aMigration from Other Authentication ServicesKeeping Up-To-Date and Safe; Documentation; Backups; Summary; Design and Implement a Disaster Recovery Plan for Your Organization; Analyze the Risks, Threats, and the Ways to Mitigate; The Two-Part, 10 Step Implementation Guide; Part One: The Steps for General Implementation; Calculate and Analyze; Create a Business Continuity Plan; Present it to the Management (Part 1 and 2); Define Roles and Responsibilities; Train the Staff for DR; Test Your DRP Frequently; Part Two: Implementing a Disaster Recovery Plan for AD; Writing is Not All 327 $aEnsure that Everyone is Aware of Locations of the DRPDefine the Order of Restoration for Different Systems (Root First in Hub Site, then Add One Server etc.); Go back to ""Presentation to Management""; Summary; Strengthening AD to Increase Resilience; Baseline Security; Domain Policy; Domain Controller Security Policy; Securing Your DNS Configuration; Secure Updates; Split Zone DNS; Active Directory Integrated Zones; Configuring DNS for Failover; DHCP within AD; Tight User Controls and Delegation; Proper User Delegation; Group Full control; Group with Less Control 327 $aGroup to Allow Password ResetsCentral Logging; Proper Change Management; Virtualization and Lag Sites; Resource Assignment; Backups and Snapshots; Deployment; Sites and Services Explained; Creating Sites, Subnets, and Site Links; Setting Replication Schedules and Costs; Cost; Scheduling; Site Scheduling; Link Scheduling; Lag Sites and Warm Sites; Configuring a Lag Site; Creating, Configuring and Using a Warm Site; Summary; Active Directory Failure On a Single Domain Controller; Problems and Symptoms; Symptoms; Causes; Solution Process; Solution Details; Verification of Corruption 327 $aTools for Verification 330 $aExpert guidance on planning and implementing Active Directory disaster recovery plans with this book and eBook 606 $aDirectory services (Computer network technology) 606 $aData recovery (Computer science)$xPlanning 606 $aEmergency management 606 $aData protection 615 0$aDirectory services (Computer network technology) 615 0$aData recovery (Computer science)$xPlanning. 615 0$aEmergency management. 615 0$aData protection. 676 $a005.7/136 700 $aRommel$b Florian$01544356 801 0$bMiAaPQ 801 1$bMiAaPQ 801 2$bMiAaPQ 906 $aBOOK 912 $a9910778460703321 996 $aActive Directory disaster recovery$93798528 997 $aUNINA